|
|
|
|
| LEADER |
00000naa2a2200000 4500 |
| 001 |
477454 |
| 005 |
20240405064755.0 |
| 035 |
|
|
|a (RuTPU)RU\TPU\prd\144207
|
| 035 |
|
|
|a RU\TPU\tpu\20101
|
| 090 |
|
|
|a 477454
|
| 100 |
|
|
|a 20120618d2008 k y0rusy50 ca
|
| 101 |
0 |
|
|a rus
|
| 102 |
|
|
|a RU
|
| 200 |
1 |
|
|a О возможности автоматического управления процессом точной синхронизации генераторов мини-ТЭС по программным траекториям движения
|f Р. Б. Абеуов, К. И. Заподовников, Ю. В. Хрущёв
|
| 320 |
|
|
|a Библиогр.: 5 назв.
|
| 461 |
|
1 |
|0 (RuTPU)RU\TPU\prd\1181
|x 1998-9903
|t Известия вузов. Проблемы энергетики
|o научно-технический и производственный журнал
|f Министерство образования и науки РФ ; Казанский государственный энергетический университет
|d 1999-
|
| 463 |
|
0 |
|0 (RuTPU)RU\TPU\prd\60371
|t № 7-8
|v С. 40-47
|d 2008
|
| 610 |
1 |
|
|a труды учёных ТПУ
|
| 700 |
|
1 |
|a Абеуов
|b Р. Б.
|c специалист в области электроэнергетики
|c доцент Томского политехнического университета, кандидат технических наук
|f 1979-
|g Ренат Болтабаевич
|y Томск
|3 (RuTPU)RU\TPU\pers\27227
|9 12691
|
| 701 |
|
1 |
|a Заподовников
|b К. И.
|c специалист в области электроэнергетики
|c доцент Томского политехнического университета, кандидат технических наук
|f 1952-
|g Константин Иванович
|3 (RuTPU)RU\TPU\pers\28061
|
| 701 |
|
1 |
|a Хрущёв
|b Ю. В.
|c специалист в области электроэнергетики
|c профессор Томского политехнического университета, доктор технических наук
|f 1942-
|g Юрий Васильевич
|3 (RuTPU)RU\TPU\pers\26724
|
| 801 |
|
1 |
|a RU
|b 63413507
|c 20100416
|
| 801 |
|
2 |
|a RU
|b 63413507
|c 20151208
|g RCR
|
| 942 |
|
|
|c BK
|